Barbie en la playa.

Salvato in:
Dettagli Bibliografici
Autore principale: Dolly y Gloria. Autora
Natura: Sconosciuto
Lingua:spagnolo
Pubblicazione: Barcelona Pomaire, S.A. 1979
Catalogo:MANES:  Risultati della ricerca del catalogo della biblioteca
Libro di testo Classificazione:
Tags: Aggiungi Tag
Nessun Tag, puoi essere il primo ad aggiungerne!!
Aggiunto a:2016-04-26
Cambiato in:2025-05-07

MARC

LEADER 000000000a22000000004500
001 06785
003 OSt
005 20250507133306.0
008 160427s sp ||||| |||| 00| 0 spa d
040 |c centro_manes 
041 1 |a spa 
561 |5 es-CICE  |a España. Centro Internacional de la Cultura Escolar  |k MANES 
691 0 |a PRI 
100 1 |a Dolly y Gloria. Autora  |9 2864 
245 0 0 |a Barbie en la playa. 
260 3 |a Barcelona  |b Pomaire, S.A.  |c 1979 
300 |a 29 p.  |c 28 x 23 cm 
690 0 |a EyL 
942 |2 ddc  |c BK 
546 |a España 
999 |c 12759  |d 12759 
999 |c manes:12759  |d 12759